[Event "FRA-chT3 Gr01 0607"]
[Site "France"]
[Date "2006.11.25"]
[Round "2.8"]
[White "Esposito, Julie"]
[Black "Albaladejo, Sylviane"]
[Result "1-0"]
[WhiteElo "1790"]
[BlackElo "1230"]
[PlyCount "75"]
[EventDate "2006.10.15"]
[EventType "team"]
[EventRounds "9"]
[EventCountry "FRA"]
[SourceTitle "EXT 2008"]
[Source "ChessBase"]
[SourceDate "2007.11.25"]
[SourceVersion "1"]
[SourceVersionDate "2007.11.25"]
[SourceQuality "1"]

1. e4 e5 2. Nf3 Nc6 3. Bc4 Qf6 4. d3 Be7 5. Nbd2 Nh6 6. c3 d6 7. Bb3 0-0 8. 0-0 b5 9. Bd5 Bd7 10. Re1 Rab8 11. a3 Nd8 12. d4 c6 13. Ba2 a6 14. Nf1 Rb7 15. Bg5 Qg6 16. Bxe7 Re8 17. Bxd6 Qxd6 18. Nxe5 Be6 19. Bxe6 Rxe6 20. Ng3 Re8 21. Qf3 f6 22. Nd3 Nhf7 23. Nc5 Ra7 24. h4 g5 25. hxg5 Nxg5 26. Qh5 Qf8 27. Rad1 Ndf7 28. Nf5 Raa8 29. Nd7 Rxe4 30. Nxf8 Rxe1+ 31. Rxe1 Kxf8 32. f4 Re8 33. Rxe8+ Kxe8 34. fxg5 fxg5 35. Qxh7 g4 36. Qg8+ Kd7 37. Qxf7+ Kc8 38. Nd6+ 1-0